01213cam a2200301 a 4500952013700000999001700137001000800154003000400162005001700166008004100183010001700224020001500241040001900256043001200275050002300287082002300310100002500333245006800358250007900426260007100505300001900576504006600595651003400661651003800695856008900733906004500822942004400867 00102ddc40708PRODUCTIONaMESbMEScECO d2019-02-20g175.00l0o338.954 BAR/Pp28350r2019-02-20 00:00:00w2019-02-20yBKzGL8R3 c10740d107403578955OSt20191227145123.0990624s1998 enk b 001 0 eng  a 99220256  a019564770X aDLCcoclcdDLC aa-ii---00aHC435.2b.B34 199800a338.954221bBAR/P aBardhan, Pranab985614aThe Political Economy of Development in India /cPranab Bardhan aExpanded ed., with an epilogue on the political economy of reform in India aOxford, UK ;aNew York, NY, USA :bOxford University Press,c1998. a 153 pc22 cm. aIncludes bibliographical references (p. 111-115) and indexes. 0aIndiaxEconomic policyy1947- 0aIndiaxEconomic conditionsy1947-423Publisher descriptionuhttp://www.loc.gov/catdir/enhancements/fy0605/99220256-d.html a7bcbccorignewd2encipf19gy-gencatlg 2ddccBKh338.954iBAR/Pk338.954mBAR/P